A carregar...
New Right discourse on race and sexuality : Britain, 1968-1990 /
| Autor principal: | |
|---|---|
| Formato: | Printed Book |
| Idioma: | English |
| Publicado em: |
Cambridge [England] ; New York :
Cambridge University Press,
1994.
|
| Assuntos: | |
| Acesso em linha: | http://www.loc.gov/catdir/toc/cam024/93042801.html http://www.loc.gov/catdir/description/cam026/93042801.html |
| LEADER | 01636cam a2200325 a 4500 | ||
|---|---|---|---|
| 008 | 931119s1994 enk b 001 0 eng | ||
| 010 | |a 93042801 | ||
| 020 | |a 052145297X(hardback) | ||
| 020 | |a 0521459214(pbk.) | ||
| 043 | |a e-uk--- | ||
| 082 | 0 | 0 | |a 305.8 SMI/N |2 20 |
| 100 | 1 | |a Smith, Anna Marie. | |
| 245 | 1 | 0 | |a New Right discourse on race and sexuality : |b Britain, 1968-1990 / |c Anna Marie Smith. |
| 260 | |a Cambridge [England] ; |a New York : |b Cambridge University Press, |c 1994. | ||
| 300 | |a xii, 285 p. ; |c 23 cm. | ||
| 500 | |a Originally presented as the author's thesis (doctoral)--University of Essex. | ||
| 504 | |a Includes bibliographical references (p. 266-281) and index. | ||
| 650 | 0 | |a Conservatism |z Great Britain |x History |y 20th century. | |
| 650 | 0 | |a Homosexuality |x Public opinion |z Great Britain. | |
| 650 | 0 | |a Public opinion |z Great Britain |x History |y 20th century. | |
| 650 | 0 | |a Sexual orientation |x Public opinion |z Great Britain. | |
| 651 | 0 | |a Great Britain |x Politics and government |y 1979-1997. | |
| 651 | 0 | |a Great Britain |x Race relations |x Public opinion. | |
| 856 | 4 | 1 | |u http://www.loc.gov/catdir/toc/cam024/93042801.html |
| 856 | 4 | 2 | |u http://www.loc.gov/catdir/description/cam026/93042801.html |
| 906 | |a 7 |b cbc |c orignew |d 1 |e ocip |f 19 |g y-gencatlg | ||
| 942 | |2 ddc |c BK | ||
| 955 | |a pc14 to sa00 11-19-93; sb17 11-19-93 (descrip.); sb22 11-22-93 to lh00; lh06 11-23-93 (DA125.A1 S...); lj05 11-24-93; aa00 11-24-93; CIP ver. pv07 03-02-95 | ||
| 999 | |c 190949 |d 190949 | ||
| 952 | |0 0 |1 0 |4 0 |6 305_800000000000000_SMI_N |7 0 |9 210600 |a ENG |b ENG |c ST1 |d 2015-08-11 |i 14928 |l 0 |o 305.8 SMI/N |p ENG14928 |r 2015-08-11 |w 2015-08-11 |y BK | ||